书目信息 |
| 题名: |
商战
|
|
| 作者: | 吴晓波 总撰稿 | |
| 分册: | ||
| 出版信息: | 武汉 湖北教育出版社 2014 |
|
| 页数: | 258页 | |
| 开本: | 24cm | |
| 丛书名: | ||
| 单 册: | ||
| 中图分类: | F713.36 | |
| 科图分类: | ||
| 主题词: | 电子商务--商业经营--研究 , 商业经营 , 电子商务 | |
| 电子资源: | ||
| ISBN: | 978-7-5351-9278-3 | |
| 000 | 00961nam0 2200265 450 | |
| 001 | 140022 | |
| 005 | 20140915090119.54 | |
| 010 | @a978-7-5351-9278-3@dCNY 49.80 | |
| 100 | @a20140321d2014 em y0chiy50 ea | |
| 101 | 0 | @achi |
| 102 | @aCN@b420000 | |
| 105 | @aa z 000yy | |
| 200 | 1 | @a商战@Ashang zhan@b专著@e电商时代@f吴晓波总撰稿 |
| 210 | @a武汉@c湖北教育出版社@d2014 | |
| 215 | @a258页@c照片@d24cm | |
| 300 | @aCCTV2财经大型纪录片 | |
| 330 | @a本书通过对全世界近百位商业大佬的面对面专访,以贝索斯、马云、马化腾、刘强东、李国庆等人之亲口讲述,通过一个接一个的传奇故事,概述了20年来中国和世界电商的发展史,以及电商对整个经济的意义;同时也告诉读者,电商时代,企业和我们应该怎样去“活”。 | |
| 517 | 1 | @a电商时代@Adian shang shi dai |
| 606 | 0 | @a电子商务@x商业经营@x研究 |
| 606 | 0 | @a商业经营 |
| 606 | 0 | @a电子商务 |
| 690 | @aF713.36@v5 | |
| 701 | 0 | @a吴晓波@Awu xiao bo@f(1968 )@4总撰稿 |
| 801 | 0 | @c20140915 |
| 905 | @a241430@dF713.36@eW890 | |
| 商战:电商时代/吴晓波总撰稿.-武汉:湖北教育出版社,2014 |
| 258页:照片;24cm |
| CCTV2财经大型纪录片 |
| ISBN 978-7-5351-9278-3:CNY 49.80 |
| 本书通过对全世界近百位商业大佬的面对面专访,以贝索斯、马云、马化腾、刘强东、李国庆等人之亲口讲述,通过一个接一个的传奇故事,概述了20年来中国和世界电商的发展史,以及电商对整个经济的意义;同时也告诉读者,电商时代,企业和我们应该怎样去“活”。 |
| ● |
| 相关链接 |
|
|
|
正题名:商战
索取号:F713.36/W890
 
预约/预借
| 序号 | 登录号 | 条形码 | 馆藏地/架位号 | 状态 | 备注 |
| 1 | 0832986 | 208329860 | 社科库409/409社科库 42排3列1层/ [索取号:F713.36/W890] | 在馆 | |
| 2 | 0832987 | 208329879 | 社科库409/409社科库 42排3列1层/ [索取号:F713.36/W890] | 在馆 | |
| 3 | 0832988 | 208329888 | 社科库409/409社科库 42排3列1层/ [索取号:F713.36/W890] | 在馆 |